00793nam a22002177a 4500003000400000005001700004008004100021020001900062040002100081050002200102100005100124245005700175250001100232260003600243300003200279650003200311650003900343942001500382952016100397999001700558OSt20260219112334.0250722b |||||||| |||| 00| 0 eng d a97800703375823 cChuka University aTS 155b.K73 2016 aSmith W. Clifford and Brickley A. James920144 aManagerial economics and Organisational Architecture a5th ED aBostonbPearson Educationc2016 a714PbColored illustrations aManagerial economics920145 a Organisation effectiveness923189 2lcccBKn0 00102lcc40708LGLaCHKbIGBcGENd2025-07-02eDonation from Books for Africa l0oHD 30.22 .B729 2009p26541/2025r2025-07-22 16:23:41t1w2025-07-22yBK c19754d19754